Portuguese: Superlatives Quiz Stats

Quiz not verified by Sporcle

Challenge
Share
Tweet
Embed
Score 0/31 Timer 10:00
0 Plays Today
hint answer % Correct
extremely calm (calmo)calmissimo
95.2%
extremely short/low (baixo)baixissimo
90.5%
extremely sad (triste)tristissimo
85.7%
extremely ordinary (vulgar)vulgarissimo
76.2%
extremely original originalissimo
71.4%
the best/o melhor (bom)optimo
38.1%
the worst/ o pior (mau)pessimo
33.3%
extremely difficult (dificil)dificilimo
23.8%
extremely easy (facil)facilimo
23.8%
most pleasant (agradavel) agradabilissimo
19%
extremely cold (frio)frigidissimo
19%
most/ o mais (muito)muitissimo
19%
utterly horrible (horrivel)horribilissimo
14.3%
extremely common (comum)comunissimo
14.3%
extremely happy (feliz)felicissimo
14.3%
extremely fast (veloz)velocissimo
14.3%
hint answer % Correct
extremely healthy (sao)sanissimo
14.3%
extremely friendly (amigo)amicissimo
14.3%
extremely old (antigo)antiquissimo
14.3%
extremely general (geral)generalissimo
14.3%
extremely sweet (doce)dulcissimo
14.3%
extremely poor (pobre)pauperrimo
14.3%
extremely famos (celebre)celeberrimo
14.3%
the largest/ o maior (grande)maximo
14.3%
the smallest/ o menor (pequeno)minimo
14.3%
least/ o menos (pouco)pouquissimo
14.3%
the superior ( pouco)supremo
14.3%
lowermost/o inferior (pouco)infimo
14.3%
extremely simple (simples)simplicissimo
9.5%
extremely bitter (amargo)amarissimo
9.5%
extremely wise (sabio)sapientissimo
9.5%

You're not logged in!

Compare scores with friends on all Sporcle quizzes.
Join for Free
OR
Log In

You Might Also Like...

Show Comments

Extras

Top Quizzes Today


Score Distribution

Your Account Isn't Verified!

In order to create a playlist on Sporcle, you need to verify the email address you used during registration. Go to your Sporcle Settings to finish the process.

Report this User

Report this user for behavior that violates our Community Guidelines.

Details: